000 00479nam a22001937a 4500
999 _c253423
_d253422
003 OSt
005 20230210105030.0
008 160510b xxu||||| |||| 00| 0 eng d
010 _a957787
020 _a0132444844
040 _cn/a
050 _aTS155
_b .H373 1995
100 _aHeizer, Jay H.et al
245 _aProduction and operation management
250 _a4th ed
260 _aUpper saddle river,NJ
_bPrentice Hall
_c1995
300 _axxv,900p
942 _2lcc
_cBK